Bundesliga Toptorjäger 2024/2025 - Statistiken

Allgemein
  • Dieses Quiz wurde 116 mal gespielt
  • Das Durchschnittsergebnis liegt bei 12 aus 22
Antwortstatistiken
# Spieler Verein Tore % Korrekt
1 Harry Kane FC Bayern München 26
100%
2 Serhou Guirassy Borussia Dortmund 21
93%
Patrick Schick Bayer 04 Leverkusen 21
82%
10 Jamal Musiala FC Bayern München 12
74%
Omar Marmoush Eintracht Frankfurt 15
73%
Florian Wirtz Bayer 04 Leverkusen 10
72%
Michael Olise FC Bayern München 12
72%
5 Tim Kleindienst Borussia Mönchengladbach 16
67%
Leroy Sané FC Bayern München 11
66%
6 Ermedin Demirovic VfB Stuttgart 15
62%
9 Benjamin Sesko RB Leipzig 13
60%
Hugo Ekitiké Eintracht Frankfurt 15
59%
Nick Woltemade VfB Stuttgart 12
59%
4 Jonathan Burkardt 1. FSV Mainz 05 18
57%
13 Andrej Kramaric TSG 1899 Hoffenheim 11
43%
Xavi Simons RB Leipzig 10
40%
17 Mohamed Amoura VfL Wolfsburg 10
38%
Ritsu Doan SC Freiburg 10
31%
Paul Nebel 1. FSV Mainz 05 10
24%
Shuto Machino SV Holstein Kiel 11
23%
Alassane Pléa Borussia Mönchengladbach 11
20%
Jens Stage SV Werder Bremen 10
18%
Keine übereinstimmenden Quizze gefunden
Verteilung der Resultate
Anzahl Personen mit jedem Resultat
Perzentil nach korrekt beantworteten Fragen
Ihre Resultats-Entwicklung
Sie haben dieses Quiz noch nicht gespielt